=LDR 00000nam 2200000 4500 =001 INLIS000000000050136 =005 20200616075741 =035 ##$$a 0010-041700000000326 =008 200616################g##########0#ind## =082 ##$$a 2x4.1 =090 ##$$a 2x4.1 Abb e =100 ##$$a Abbas, Siradjuddin =245 1#$$a Empat puluh masalah agama jilid I /$c K.H. Siradjuddin 'Abbas =260 ##$$a Jakarta :$b Pustaka Tarbiyah,$c 1996 =300 ##$$a 348 hlm ; $c 20 x 14 cm =084 ##$$a 2x4.1 ABB e =650 #4$$a Islam- ibadah =990 ##$$a 21603185/BPAP-NTB/2017 =990 ##$$a 96.200/pro.96